[Event "Hamburg-ch MB"]
[Site "Hamburg"]
[Date "2019.06.12"]
[Round "5"]
[White "Ruider, Thomas"]
[Black "Solar, Peter"]
[Result "0-1"]
[WhiteElo "1790"]
[BlackElo "1818"]
[PlyCount "86"]
[EventDate "2019.06.08"]
[EventType "swiss"]
[EventRounds "9"]
[EventCountry "GER"]
[SourceTitle "EXT 2022"]
[Source "ChessBase"]
[SourceDate "2021.10.06"]
[SourceVersion "1"]
[SourceVersionDate "2021.10.06"]
[SourceQuality "1"]

1. d4 Nf6 2. Bf4 c5 3. d5 g6 4. Nc3 d6 5. e4 Bg7 6. Qd2 Qa5 7. Bb5+ Bd7 8. Bxd7+ Nbxd7 9. Nge2 b5 10. f3 Nb6 11. 0-0 Nfd7 12. Qc1 Nc4 13. Bd2 Nxd2 14. Qxd2 Nb6 15. Qc1 b4 16. Nd1 Qb5 17. Re1 a5 18. Rb1 0-0 19. b3 a4 20. c3 axb3 21. axb3 Ra2 22. c4 Qd7 23. Nb2 Rfa8 24. Qc2 Qa7 25. Nc1 Ra1 26. Rxa1 Qxa1 27. Ncd3 Qa2 28. Rb1 Nd7 29. f4 Bd4+ 30. Kf1 Nf6 31. Nc1 Qa3 32. Na4 Ng4 33. Ke2 Rxa4 34. Qd3 Ra8 35. h3 Nf6 36. g4 Bb2 37. Kd1 Bxc1 38. Rxc1 Qb2 39. e5 dxe5 40. g5 Ra1 41. Rxa1 Qxa1+ 42. Ke2 Nh5 43. Qf3 Nxf4+ 0-1

[Event "Hamburg-ch MB"]
[Site "Hamburg"]
[Date "2019.06.10"]
[Round "3"]
[White "Joehnk, Christian"]
[Black "Solar, Peter"]
[Result "1/2-1/2"]
[WhiteElo "1968"]
[BlackElo "1818"]
[PlyCount "46"]
[EventDate "2019.06.08"]
[EventType "swiss"]
[EventRounds "9"]
[EventCountry "GER"]
[SourceTitle "EXT 2022"]
[Source "ChessBase"]
[SourceDate "2021.10.06"]
[SourceVersion "1"]
[SourceVersionDate "2021.10.06"]
[SourceQuality "1"]

1. d4 Nf6 2. Nf3 d5 3. Bf4 c5 4. e3 Nc6 5. c3 Qb6 6. Qc1 Bf5 7. Nbd2 h6 8. h3 e6 9. Be2 cxd4 10. exd4 Rc8 11. a3 Ne4 12. Nxe4 Bxe4 13. Nd2 Nxd4 14. Nxe4 Nxe2 15. Kxe2 dxe4 16. Rd1 Bc5 17. Qc2 0-0 18. b4 Bd4 19. Qxe4 Bxc3 20. Ra2 Qb5+ 21. Qd3 Qxd3+ 22. Rxd3 e5 23. Be3 Bd4 1/2-1/2

[Event "Blankenese op 2nd"]
[Site "Hamburg"]
[Date "2018.09.29"]
[Round "1.2"]
[White "Solar, Peter"]
[Black "Trisic, Aleksandar"]
[Result "0-1"]
[WhiteElo "1841"]
[BlackElo "2322"]
[PlyCount "68"]
[EventDate "2018.09.29"]
[EventType "swiss"]
[EventRounds "7"]
[EventCountry "GER"]
[SourceTitle "EXT 2020"]
[Source "ChessBase"]
[SourceDate "2019.10.17"]
[SourceVersion "1"]
[SourceVersionDate "2019.10.17"]
[SourceQuality "1"]

1. d4 Nf6 2. Nc3 d5 3. Bf4 Bf5 4. f3 e6 5. g4 Bg6 6. h4 h6 7. e3 Bd6 8. Nh3 0-0 9. Bd3 c5 10. Bxg6 fxg6 11. Qd3 cxd4 12. exd4 Ne4 13. Nxe4 Bxf4 14. Nxf4 Rxf4 15. Qe3 Rf7 16. Nc5 Nc6 17. 0-0-0 Qa5 18. Kb1 e5 19. Nb3 Qb6 20. Rhe1 Re8 21. dxe5 Rxe5 22. Qxb6 axb6 23. Rxe5 Nxe5 24. Rxd5 Nxf3 25. h5 g5 26. Rb5 Nd4 27. Re5 Rf1+ 28. Nc1 Nf3 29. Re2 Rg1 30. b3 Rxg4 31. Re8+ Kh7 32. Re7 Rg1 33. Kb2 g4 34. Nd3 g3 0-1